Research reports. social studies. (1978-1988) : Volume I.

Bibliographic Details
Corporate Author: BRAC
Format: Book
Language:English
Subjects:
Classic Catalogue: View this record in Classic Catalogue
LEADER 01023nam a22002537a 4500
001 3575
003 BD-DhAAL
005 20240820144913.0
008 171130t1988 bg a|||| |||| 00| 0 eng d
040 |a BD-DhAAL  |c BD-DhAAL 
082 |2 22  |a 307.095492 
245 |a Research reports.  |p (1978-1988) :  |b social studies.  |n Volume I. 
264 |a Dhaka :  |b Bangladesh Rural Advancement Committee (BRAC),  |c 1988. 
300 |a 444 pages :  |b illustrations ;  |c 30 cm. 
362 |a Vol. 1 
504 |a Includes bibliographical references. 
541 |e 3575  |a Complimentary copy from BRAC 
610 |a BRAC  |9 14405 
651 |a Bangladesh  |x Social condition.  |9 24169 
710 |a BRAC.  |9 14405 
852 |a Ayesha Abed Library  |c BRAC Resource Section 
942 |2 ddc  |c BK 
999 |c 38722  |d 38722 
952 |0 0  |1 0  |2 ddc  |4 0  |6 306_095492000000000_RES  |7 1  |8 RPT  |9 62155  |a BRACUL  |b BRACUL  |c BRS  |d 2017-12-04  |e Complimentary copy from BRAC  |g 0.00  |l 0  |o 306.095492 RES  |p 3010003575  |r 2017-12-04  |t 1  |w 2017-12-04  |y BK  |z Not price in Register  |x Complimentary copy from BRAC